000 00699nam a2200229 4500
001 109617
003 ES-MaACL
005 20250828035601.0
007 t|
008 061121s1968 sp r ||||1| spa d
080 _a371.217.1/2
100 1 _aMunicio, Pedro.
_984197
245 1 0 _aComedores y transporte escolar /
_cPedro Municio.
260 _aMadrid :
_bMagisterio Español,
_c1968.
300 _a68 p. ;
_c19 cm.
490 1 _aFolletos el Magisterio Español ;
_v28
650 4 _aComedores escolares.
_9173056
650 4 _aEscolares-
_xTransporte.
_9173057
830 1 0 _aFolletos El Magisterio Español
_v28
_9182679
852 _aES-MaACL
_jC-50987
999 _c109617
_d109617